| 000 | 00586cam a22002291 4500 | ||
|---|---|---|---|
| 001 | sa 68000077 | ||
| 003 | DLC | ||
| 005 | 20260227112420.0 | ||
| 008 | 890802s1966 ii b 000 0 hino | ||
| 010 | _asa 68000077 | ||
| 035 | _a(OCoLC)20116445 | ||
| 040 |
_aDLC _cWaU _dDLC |
||
| 042 | _apremarc | ||
| 050 | 0 | 0 |
_aPK1939 _b.M3 |
| 100 | 1 |
_aPrasāda, Kr̥shṇa Nārāyaṇa, _d1933- |
|
| 245 | 1 | 0 | _aAlaṅkāra-vimarśa. |
| 260 | _c1966. | ||
| 300 |
_a12, 548 p. _c18 cm. |
||
| 500 | _aIn Hindi. | ||
| 504 | _aBibliography: p. [545]-548. | ||
| 650 | 0 |
_aHindi language _xRhetoric. |
|
| 999 |
_c76924 _d76924 |
||